000 01164nam a2200349 a 4500
001 vtls001925739
003 NLI
005 20210630193542.0
008 161201s2016 ii a e |01 eng
020 _a978935150996
_cRs.995.00
039 9 _a201904221555
_bsomnathp
_c201904221552
_dsomnathp
_y201612011550
_zumakar
040 _aNLI
_beng
041 0 _aeng
044 _aii
082 0 4 _a378.1010954
_223
100 1 _aMukhopadhyay, Marmar
_91241517
245 1 0 _aQuality management in higher education /
_cMarmar Mukhopadhyay
260 _aNew Delhi :
_bSAGE,
_c2016
300 _axiv, 370 p. :
_bill. ;
_c22 cm.
504 _aIncludes bibliographical references and index
650 0 _aEducation, Higher
_zIndia
_9731830
650 0 _aEducational leadership
_zIndia
_9884870
887 _aSomnath Panja
901 _aDB163546 :
_b05.12.2016
902 _aE 378.1010954 M 896
903 _aUma
904 _aSomnath Panja
949 _AVIRTUAITEM
_D10000
_X100
_6DBA000163546ENG
942 _2ddc
_cBKS
999 _aVIRTUA
_c1452995
_d1452995
999 _aVTLSSORT0080*0200*0400*0410*0440*0820*1000*2450*2600*3000*5040*6500*6501*8520*9010*9020*9030*9040*9992